Unjustified Enrichment - A Casebook / (Record no. 276)

MARC details
000 -LEADER
fixed length control field 00544nam a22001697a 4500
005 - DATE AND TIME OF INPUT
control field 20231103072608.0
008 - DATA ELEMENTS--GENERAL INFORMATION
fixed length control field 231103b |||||||| |||| 00| 0 eng d
020 ## - INTERNATIONAL STANDARD BOOK NUMBER
International Standard Book Number 0409026921
041 ## - LANGUAGE CODE
Language code of text English
082 ## - SHELF NUMBER
DDC number 346.6 EIS
100 ## - MAIN AUTHOR
Main author's name Eiselen, S and Pienaar, G
Language of a work English
245 ## - TITLE STATEMENT
Title Unjustified Enrichment - A Casebook /
Statement of responsibility, etc. S Eiselen and G Pienaar
260 ## - PUBLICATION, DISTRIBUTION, ETC.
Place of publication, distribution, etc. Durban :
Name of publisher, distributor, etc. Butterworth Publisher (Pty) Ltd,
Date of publication, distribution, etc. 1993
300 ## - PHYSICAL DESCRIPTION
Other physical details xv, 658 pages ;
Dimensions 25 cm.
650 ## - SUBJECT`
Broad subject Legal practice
Own subject terms Law
942 ## - ADDED ENTRY ELEMENTS (KOHA)
Item type Books
942 ## - ADDED ENTRY ELEMENTS (KOHA)
-- ALISON_BN_VRIES
Holdings
Source of classification or shelving scheme Not for loan Collection code Home library Current library Shelving location Date acquired Full call number Barcode Price effective from Koha item type
Dewey Decimal Classification   TEXT BOOKS LAW SOCIETY OF NAMIBIA LIBRARY - WINDHOEK LAW SOCIETY OF NAMIBIA LIBRARY - WINDHOEK Corporate, commercial and company law 11/03/2023 346.6 EIS LSN/1998/74 11/03/2023 Books